MacMillan encyclopedia of science: (Record no. 361908)
[ view plain ]
| 000 -LEADER | |
|---|---|
| fixed length control field | 00456nam a22001457a 4500 |
| 008 - FIXED-LENGTH DATA ELEMENTS--GENERAL INFORMATION | |
| fixed length control field | 190619b xxu||||| |||| 00| 0 eng d |
| 020 ## - INTERNATIONAL STANDARD BOOK NUMBER | |
| International Standard Book Number | 0029411467 |
| 050 ## - LIBRARY OF CONGRESS CALL NUMBER | |
| Classification number | Q 121 |
| Item number | .W218 1991 vol.6 |
| 100 ## - MAIN ENTRY--PERSONAL NAME | |
| Personal name | Brenda Walpole |
| 245 ## - TITLE STATEMENT | |
| Title | MacMillan encyclopedia of science: |
| Remainder of title | Body and health/ |
| Statement of responsibility, etc | Brenda Walpole |
| 260 ## - PUBLICATION, DISTRIBUTION, ETC. (IMPRINT) | |
| Place of publication, distribution, etc | New York: |
| Name of publisher, distributor, etc | MacMillan Publishing Company |
| Date of publication, distribution, etc | 1991. |
| 300 ## - PHYSICAL DESCRIPTION | |
| Extent | 96 p. ; col. ill. : 280 cm. |
| 440 ## - SERIES STATEMENT/ADDED ENTRY--TITLE | |
| Title | Body and health |
| 942 ## - ADDED ENTRY ELEMENTS (KOHA) | |
| Source of classification or shelving scheme | Library of Congress Classification |
| Item type | Books |
| Withdrawn status | Lost status | Source of classification or shelving scheme | Damaged status | Collection code | Home library | Current library | Shelving location | Date acquired | Total Checkouts | Full call number | Barcode | Date last seen | Date last borrowed | Price effective from | Koha item type |
|---|---|---|---|---|---|---|---|---|---|---|---|---|---|---|---|
| Library of Congress Classification | Reference | Luxembourg Library | Luxembourg Library | Reference Section | 06/19/2019 | 2 | Q 121 .W218 1991 vol.6 | 3232 | 05/23/2023 | 05/18/2023 | 06/19/2019 | Books |